000 00378nam a2200145Ia 4500
008 240624s9999 xx 000 0 und d
041 _aeng
082 _a651.78 SHA
100 _aSHARMA R C
245 _aBUSINESS CORRESPONDENCE AND REPORT WRITI
250 _a(4th ed.)
260 _c2015
_aTata McGraw - Hill
_bMcGraw Hill
300 _a514 : p. : cm. ; 28
365 _cRS
_b33
999 _c26296
_d26296